• 首页
  • 本馆介绍
  • 公告通知
  • 最新文献
  • 馆藏检索
  • 电子资源
  • 读者导购
  • 参考咨询
  • 我的图书馆
  • 登录
  • 详细信息显示
  • 放入我的书架
  • 预约/预借图书
  • 作者相关作品
  • 分类相关作品
  • 丛书相关作品
  • 出版社相关作品

书目信息

  • 表格格式
  • 工作单格式
  • 卡片格式
题名:
平安中国的浙江实践
    
 
作者: 马以 主编
分册:  
出版信息: 杭州   浙江人民出版社  2017
页数: 326页
开本: 26cm
丛书名:
单 册:
中图分类: D675.5
科图分类:
主题词: 社会主义建设模式--研究--浙江
电子资源:
ISBN: 978-7-213-07966-5
000 00845nam0 2200229 450
001 012001000034
005 20140920091301.0
010    @a978-7-213-07966-5@dCNY50.00
100    @a20170524d2017 em y0chiy50 ea
101 0  @achi
102    @aCN@b330000
105    @ay z 000yy
106    @ar
200 1  @a平安中国的浙江实践@9Ping An Zhong Guo De Zhe Jiang Shi Jian@f马以主编
210    @a杭州@c浙江人民出版社@d2017
215    @a326页@d26cm
330    @a本书分9个部分:“大平安”战略布局:平安浙江的提出、平安浙江的组织领导、平安浙江的治本之策、平安浙江的基层基础、平安浙江的法治化、平安浙江的社会动员机制、平安浙江的科技支撑、平安浙江的考评体系、平安浙江建设再出发。
606 0  @a社会主义建设模式@x研究@y浙江
690    @aD675.5@v5
701  0 @a马以@9Ma Yi@4主编
801  0 @aCN@b上海新华@c20180901
905    @b1040160-64@dD675.5@e65@f5
    
    平安中国的浙江实践/马以主编.-杭州:浙江人民出版社,2017
    326页;26cm
    
    
    ISBN 978-7-213-07966-5:CNY50.00
    本书分9个部分:“大平安”战略布局:平安浙江的提出、平安浙江的组织领导、平安浙江的治本之策、平安浙江的基层基础、平安浙江的法治化、平安浙江的社会动员机制、平安浙江的科技支撑、平安浙江的考评体系、平安浙江建设再出发。
●
相关链接 在E读中查询图书 在五车中查询图书 在当当中查询图书 在豆瓣中查询图书


正题名:平安中国的浙江实践     索取号:D675.5/65         预约/预借

序号 登录号 条形码 馆藏地/架位号 状态 备注
1 1040160   210401607   第一样本阅览室/ [索取号:D675.5/65] 在馆    
2 1040161   210401616   密集书库-史法系/ [索取号:D675.5/65] 在馆    
3 1040162   210401625   第一借阅区/ [索取号:D675.5/65] 在馆    
4 1040163   210401634   第一借阅区/ [索取号:D675.5/65] 在馆    
5 1040164   210401643   第一借阅区/ [索取号:D675.5/65] 在馆    
唐山师范学院图书馆 欢迎您!
大连网信软件有限公司© 版权所有